000 00268nam a22001217a 4500
082 _a823
_bAND/L
100 _aANDERSON, HANS CHRISTIAN
245 _aTHE LITTLE MERMAID
260 _aDELHI
_bTINY TOT
_c1995
300 _a7
650 _aENGLISH STORY
_zINDIA
942 _cBK
999 _c7454
_d7454